| 000 | 00937nam a22002777a 4500 | ||
|---|---|---|---|
| 005 | 20080711111158.0 | ||
| 006 | a|||||r|||||00| 0 | ||
| 008 | 080711t xxu||||| |||| 00| 0 eng d | ||
| 010 | _aENG-90579 | ||
| 020 |
_a0070254104 _c250.00 |
||
| 035 | _aEN-74112 | ||
| 037 | _bDBAD / PUB | ||
| 040 |
_aDPL _bEN |
||
| 082 | _a510 | ||
| 100 | _aDubey, Manoj | ||
| 245 |
_aQuestion bank in mathematics : _cby Manoj Dubey [and] R.S. Tomar _bfor class X / |
||
| 250 | _b8th ed | ||
| 260 |
_aNew Delhi _bTata McGraw-Hill Publishing _c2008 |
||
| 270 |
_a7 West Patel Nagar _bNew Delhi _e110008 |
||
| 300 |
_ax, 438p. : _c24cm.(pbk) _bill. |
||
| 490 | _aTata Mcgraw-Hill's question bank series | ||
| 650 | _aMathematics | ||
| 700 | _aTomar, R.S. | ||
| 942 |
_2ddc _cEN _h510 _mDUB |
||
| 999 |
_c14559 _d14559 |
||